| 000 | 00741nam a22002297a 4500 | ||
|---|---|---|---|
| 999 |
_c14982 _d14982 |
||
| 003 | AR-CdUCM | ||
| 008 | 190425b ||||| |||| 00| 0 spa d | ||
| 020 | _a978-84-683-0883-8 | ||
| 040 |
_aMUNICIPALIDAD PROVINCIAL DEL CUSCO _cBIBLIOTECA MUNICIPAL DEL CUSCO |
||
| 082 |
_aEP / 801 / P66 / e.2 _bP66 / e.2 |
||
| 100 |
_aPlaza, José María _926893 |
||
| 245 |
_aZoo vivo : _bPoemas con animales / |
||
| 260 |
_aEspaña : _bEdebé, _c2013. |
||
| 300 |
_bilustraciones, _c19 cm. |
||
| 440 |
_aEdebe. _n1 _933967 |
||
| 650 |
_aLiteratura infantil _9588 |
||
| 650 |
_aPoemas infantiles _933347 |
||
| 650 |
_aSiglo XXI _92856 |
||
| 700 |
_aRuiz de la Prada, Agatha (ilustraciones) _933680 |
||
| 942 |
_2ddc _cLIBROS |
||
| 945 |
_aachl _d2019-04-25 |
||